| 000 | 00799pam a2200217 a 4500 | ||
|---|---|---|---|
| 020 | _a0471516295 | ||
| 082 | 0 | 0 |
_a690/.11 _bHOU _cL-NUST, P-10 |
| 100 | 1 |
_aHoulsby, A. C. _945292 |
|
| 245 | 1 | 0 |
_aConstruction and design of cement grouting : _ba guide to grouting in rock foundations / _cA.C. Houlsby. |
| 260 |
_aNew York : _bWiley, _cc1990. |
||
| 300 |
_axxi, 442 p. : _bill. ; _c29 cm. |
||
| 500 | _a"A Wiley-Interscience publication." | ||
| 526 |
_a0 _b0 _c0 _d690_110000000000000_HOU |
||
| 650 | 0 |
_aFoundations _xDesign and construction. _921251 |
|
| 650 | 0 |
_aGrout (Mortar) _945293 |
|
| 650 | 0 |
_aGrouting. _923495 |
|
| 650 | 0 |
_aMCE _9379 |
|
| 856 | 4 | _uhttp://www.loc.gov/catdir/toc/onix01/89027981.html | |
| 856 | 4 | 2 | _uhttp://www.loc.gov/catdir/description/wiley031/89027981.html |
| 942 |
_2ddc _cBK |
||
| 999 |
_c548854 _d548854 |
||